000 nam a22 i 4500
999 _c24240
_d24240
003 WA 310
005 20200812124720.0
007 cr an nnnanaaa
008 180528s2017 sz a fou |000 0 eng d
040 _aWA 310/bw
_bpol
_drda
_cWA 310/bw
_eWA 310/bw
041 0 _aeng
245 0 0 _aIdentification cards - Integrated circuit cards - Part 9: Commands for card management =
_bCartes d'identification - Cartes à circuit intégré - Partie 9: Commandes pour la gestion des cartes ISO/IEC 7816-9:2017E /
_cInternational Electrotechnical Commission.
246 1 3 _aISO/IEC 7816-9
246 1 3 _aICS 35.240.15
246 3 1 _aCartes d'identification - Cartes à circuit intégré - Partie 9: Commandes pour la gestion des cartes
250 _aThird edition.
260 _aGeneva :
_bInternational Electrotechnical Commission,
_c2017.
300 _a[5], 21 stron :
_bilustracje (w tym kolorowe) ;
_c30 cm.
336 _aTekst
_btxt
_2rdacontent
337 _aKomputer
_bc
_2rdamedia
338 _aDokument online
_bcr
_2rdacarrier
500 _aTytuł z ekranu tytułowego.
530 _aDostępne wyłącznie w formie elektronicznej.
538 _aTryb dostępu: online.
546 _aTekst w języku angielskim, strona tytułowa w języku angielskim i francuskim.
650 _aKarty z pamięcią
_91201
_vnormy.
710 2 _aInternational Electrotechnical Commission.
_eInstytucja sprawcza
_eWydawca
_4pbl
_91113
942 _2ddc
_cBK